Математика 2.4 (СО): электронный курс

Bibliographische Detailangaben
1. Verfasser: Харлова А. Н. Александра Николаевна
Körperschaft: Национальный исследовательский Томский политехнический университет Физико-технический институт Кафедра высшей математики
Weitere Verfasser: Имас О. Н. Ольга Николаевна
Zusammenfassung:Заглавие с экрана
Курс содержит 5 модулей: определённый интеграл; числовые ряды; дифференциальные уравнения первого порядка; дифференциальные уравнения второго порядка; элементы теории вероятностей. В результате освоения дисциплины студент должен знать: базовые понятия теории определённого интеграла; основные методы решения дифференциальных уравнений и систем уравнений; основные признаки исследования числовых рядов на сходимость; базовые понятия теории вероятностей. Уметь: выбирать методы вычисления определённых интегралов; исследовать числовые ряды на сходимость; решать дифференциальные уравнения; Вычислять основные числовые характеристики случайных величин. Владеть: методами вычисления и оценки определённого интеграла; основными методами исследования числовых рядов на сходимость; методами решения дифференциальных уравнений; основными методами вычисления числовых характеристик случайных величин.
Доступ по логину и паролю
Sprache:Russisch
Veröffentlicht: Томск, TPU Moodle, 2015
Schlagworte:
Online-Zugang:https://design.lms.tpu.ru/course/view.php?id=1087
Format: Elektronisch Buch
KOHA link:https://koha.lib.tpu.ru/cgi-bin/koha/opac-detail.pl?biblionumber=666172

MARC

LEADER 00000nlm0a2200000 4500
001 666172
005 20240206144006.0
035 |a (RuTPU)RU\TPU\network\37376 
035 |a RU\TPU\network\26332 
090 |a 666172 
100 |a 20211209d2015 m y0rusy50 ca 
101 0 |a rus 
102 |a RU 
105 |a a j 000zy 
135 |a jrcn ---uucaa 
181 0 |a i  
182 0 |a b 
200 1 |a Математика 2.4 (СО)  |e электронный курс  |f А. Н. Харлова, О. Н. Имас  |g Национальный исследовательский Томский политехнический университет, Физико-технический институт, Кафедра высшей математики 
203 |a Текст  |c электронный 
210 |a Томск  |c TPU Moodle  |d 2015 
300 |a Заглавие с экрана 
330 |a Курс содержит 5 модулей: определённый интеграл; числовые ряды; дифференциальные уравнения первого порядка; дифференциальные уравнения второго порядка; элементы теории вероятностей. В результате освоения дисциплины студент должен знать: базовые понятия теории определённого интеграла; основные методы решения дифференциальных уравнений и систем уравнений; основные признаки исследования числовых рядов на сходимость; базовые понятия теории вероятностей. Уметь: выбирать методы вычисления определённых интегралов; исследовать числовые ряды на сходимость; решать дифференциальные уравнения; Вычислять основные числовые характеристики случайных величин. Владеть: методами вычисления и оценки определённого интеграла; основными методами исследования числовых рядов на сходимость; методами решения дифференциальных уравнений; основными методами вычисления числовых характеристик случайных величин. 
333 |a Доступ по логину и паролю 
606 1 |a Математика  |2 stltpush  |3 (RuTPU)RU\TPU\subj\67327  |9 83171 
610 1 |a электронный ресурс 
610 1 |a труды учёных ТПУ 
610 1 |a электронные учебные пособия 
610 1 |a учебные пособия 
610 1 |a Moodle 
610 1 |a e-learning 
610 1 |a определенные интегралы 
610 1 |a числовые ряды 
610 1 |a дифференциальные уравнения первого порядка 
610 1 |a дифференциальные уравнения второго порядка 
610 1 |a теория вероятностей 
675 |a 51(075.8)  |v 4 
700 1 |a Харлова  |b А. Н.  |c математик  |c доцент Томского политехнического университета, кандидат физико-математических наук  |f 1958-  |g Александра Николаевна  |3 (RuTPU)RU\TPU\pers\28900 
701 1 |a Имас  |b О. Н.  |c математик  |c доцент Томского политехнического университета, кандидат физико-математических наук  |f 1967-  |g Ольга Николаевна  |3 (RuTPU)RU\TPU\pers\29543  |9 14079 
712 0 2 |a Национальный исследовательский Томский политехнический университет  |b Физико-технический институт  |b Кафедра высшей математики  |3 (RuTPU)RU\TPU\col\18728 
801 2 |a RU  |b 63413507  |c 20211209  |g RCR 
856 4 |u https://design.lms.tpu.ru/course/view.php?id=1087 
942 |c CF